[Event "Xtracon Open 2019"]
[Site "Helsingor"]
[Date "2019.07.25"]
[Round "7.6"]
[White "Machlik, Monika"]
[Black "Rosenkilde, Alexander"]
[Result "1/2-1/2"]
[WhiteElo "2083"]
[BlackElo "2255"]
[Annotator "NA"]
[PlyCount "44"]
[EventDate "2019.07.19"]
[EventType "swiss"]
[EventCountry "DEN"]
[SourceTitle "playchess.com"]
[Source "ChessBase"]
[SourceQuality "1"]

1. d4 Nf6 2. c4 e6 3. Nc3 Bb4 4. Qc2 d5 5. a3 Bxc3+ 6. Qxc3 Ne4 7. Qc2 c5 8. dxc5 Nc6 9. e3 Qa5+ 10. Bd2 Qxc5 11. b4 Qe7 12. Bc1 O-O 13. Nf3 Bd7 14. Bd3 Nf6 15. O-O Rac8 16. Qa2 dxc4 17. Bxc4 b5 18. Bb3 a5 19. bxa5 Nxa5 20. Bd2 Nc6 21. Nd4 Qc5 22. Nxc6 Qxc6 1/2-1/2

[Event "Xtracon Open 2019"]
[Site "Helsingor"]
[Date "2019.07.25"]
[Round "7.6"]
[White "Glibstrup, Jakob"]
[Black "Van den Bersselaar, Jeroen"]
[Result "0-1"]
[WhiteElo "1993"]
[BlackElo "2161"]
[Annotator "NA"]
[PlyCount "64"]
[EventDate "2019.07.19"]
[EventType "swiss"]
[EventCountry "DEN"]
[SourceTitle "playchess.com"]
[Source "ChessBase"]
[SourceQuality "1"]

1. e4 c6 2. d4 d5 3. Nc3 dxe4 4. Nxe4 Bf5 5. Ng3 Bg6 6. h4 h6 7. Nf3 Nd7 8. h5 Bh7 9. Bd3 Bxd3 10. Qxd3 e6 11. Bd2 Ngf6 12. O-O-O Bd6 13. Qe2 O-O 14. Ne5 c5 15. Be3 cxd4 16. Bxd4 Bxe5 17. Bxe5 Qa5 18. Bd6 Rfc8 19. Kb1 Rc6 20. Ne4 Nd5 21. g4 N7b6 22. g5 Nc4 23. gxh6 Qb5 24. b3 Na3+ 25. Bxa3 Qxe2 26. Rdg1 Qxe4 27. Ka1 Rxc2 28. Rxg7+ Kh8 29. Rhg1 Qd4+ 30. Kb1 Rxf2 31. R7g4 Nc3+ 32. Kc1 Qd2# 0-1

[Event "Xtracon Open 2019"]
[Site "Helsingor"]
[Date "2019.07.25"]
[Round "7.6"]
[White "Sorensen, Bernhard W."]
[Black "Rasmussen, Morten Fredsgaard"]
[Result "0-1"]
[WhiteElo "1567"]
[BlackElo "1882"]
[Annotator "NA"]
[PlyCount "100"]
[EventDate "2019.07.19"]
[EventType "swiss"]
[EventCountry "DEN"]
[SourceTitle "playchess.com"]
[Source "ChessBase"]
[SourceQuality "1"]

1. d4 f5 2. Nc3 Nf6 3. Bg5 d5 4. e3 e6 5. Bd3 Be7 6. Nce2 b6 7. Nf3 Ba6 8. Nf4 Qc8 9. Ne5 Bxd3 10. Nfxd3 O-O 11. O-O c5 12. c3 Nc6 13. f4 c4 14. Nxc6 Qxc6 15. Ne5 Qc7 16. Rf3 Bd6 17. Bxf6 Rxf6 18. Rg3 Bxe5 19. fxe5 Rf7 20. Qf3 b5 21. Rf1 Qb7 22. a3 a5 23. Ra1 b4 24. axb4 axb4 25. Rxa8+ Qxa8 26. Qe2 bxc3 27. bxc3 Qa1+ 28. Qf1 Qxc3 29. Qd1 Qb3 30. Qc1 c3 31. e4 Rc7 32. exd5 Qb2 33. Qg5 Qb1+ 34. Kf2 Qc2+ 35. Kf1 Qd1+ 36. Kf2 Qxd4+ 37. Kf1 Qxd5 38. Qh5 Qb5+ 39. Kf2 c2 40. Qg5 c1=Q 41. Qd8+ Kf7 42. Rxg7+ Kxg7 43. Qf6+ Kg8 44. Qxe6+ Kf8 45. Qf6+ Ke8 46. Qe6+ Re7 47. Qg8+ Kd7 48. e6+ Kc7 49. Qg3+ Kb7 50. Qf3+ Qcc6 0-1

[Event "Xtracon Open 2019"]
[Site "Helsingor"]
[Date "2019.07.25"]
[Round "7.7"]
[White "Antonsen, Mikkel"]
[Black "Karthikeyan, Murali"]
[Result "1/2-1/2"]
[WhiteElo "2400"]
[BlackElo "2613"]
[Annotator "TA"]
[PlyCount "147"]
[EventDate "2019.07.19"]
[EventType "swiss"]
[EventCountry "DEN"]
[SourceTitle "playchess.com"]
[Source "ChessBase"]
[SourceQuality "1"]

1. d4 Nf6 2. c4 g6 3. Nc3 Bg7 4. e4 d6 5. h3 O-O 6. Be3 Nbd7 7. g4 c5 8. Nge2 Qa5 9. Qd2 b5 10. g5 b4 11. gxf6 bxc3 12. Qxc3 Qxc3+ 13. Nxc3 Bxf6 14. O-O-O Bb7 15. Nd5 Bxd5 16. exd5 Rfb8 17. f4 Rb4 18. Rh2 Rab8 19. Rc2 a5 20. Rdd2 cxd4 21. Bxd4 Bxd4 22. Rxd4 Nc5 23. Rd1 Kg7 24. Re1 Kf6 25. Re3 R8b7 26. h4 Na4 27. Ree2 Rc7 28. Re3 Rcb7 29. Ree2 Nc5 30. Re3 e6 31. dxe6 fxe6 32. Bh3 e5 33. fxe5+ dxe5 34. Bg2 Re7 35. Rf2+ Kg7 36. Bd5 e4 37. Rfe2 Kf6 38. Kc2 Ke5 39. Ra3 a4 40. Kc3 Rb6 41. b4 axb3 42. axb3 Rf6 43. Re3 Rf2 44. Ra1 Kf4 45. Rae1 Rf3 46. Rxf3+ Kxf3 47. b4 Kf2 48. Ra1 Nd7 49. Ra2+ Kg3 50. Kd4 e3 51. Re2 Kf4 52. b5 Nb6 53. c5 Nxd5 54. Kxd5 Kf3 55. Re1 Kf2 56. Rxe3 Rxe3 57. c6 Rb3 58. Kc5 Kg3 59. c7 Kxh4 60. b6 g5 61. b7 Rxb7 62. c8=Q Rb2 63. Qe6 Rc2+ 64. Kd4 g4 65. Kd3 Rf2 66. Qh6+ Kg3 67. Qxh7 Rf3+ 68. Ke2 Kg2 69. Qh4 Rf4 70. Qg5 Rf2+ 71. Ke1 Rf1+ 72. Ke2 Rf2+ 73. Ke1 Rf1+ 74. Ke2 1/2-1/2

[Event "Xtracon Open 2019"]
[Site "Helsingor"]
[Date "2019.07.25"]
[Round "7.7"]
[White "Colbow, Collin"]
[Black "Hector, Jonny"]
[Result "0-1"]
[WhiteElo "2167"]
[BlackElo "2487"]
[Annotator "ChessBase"]
[PlyCount "96"]
[EventDate "2019.07.19"]
[EventType "swiss"]
[EventCountry "DEN"]
[SourceTitle "playchess.com"]
[Source "ChessBase"]
[SourceQuality "1"]

1. e4 e5 2. Nf3 Nc6 3. Bc4 Nf6 4. d3 Bc5 5. O-O O-O 6. Re1 d6 7. c3 a6 8. a4 Be6 9. Bxe6 fxe6 10. Be3 Bxe3 11. Rxe3 d5 12. Nbd2 Qd6 13. Qb3 Kh8 14. Rae1 Rae8 15. h3 d4 16. cxd4 exd4 17. e5 Qc5 18. R3e2 Nd5 19. Ne4 Qe7 20. Ned2 Na5 21. Qc2 c5 22. g3 Nb4 23. Qb1 Qd7 24. Kg2 Qxa4 25. Ne4 Qc6 26. Nfd2 Qb5 27. Nd6 Qxd3 28. Nxe8 Qxb1 29. Rxb1 Rxe8 30. b3 Rc8 31. Ne4 b6 32. Nd6 Rf8 33. f4 Nd5 34. Rbb2 Nc6 35. Re1 h6 36. Rf2 Ncb4 37. Rd2 Kg8 38. Ra1 g5 39. fxg5 hxg5 40. Re1 Ne3+ 41. Rxe3 dxe3 42. Re2 Nd5 43. Nc4 Rf5 44. g4 Nf4+ 45. Kf3 Rf8 46. Rc2 Nd5+ 47. Kg3 Rf1 48. Rb2 b5 0-1

[Event "Xtracon Open 2019"]
[Site "Helsingor"]
[Date "2019.07.25"]
[Round "7.7"]
[White "Nilssen, Ellen Fredericia"]
[Black "Magnussen, Pal"]
[Result "1/2-1/2"]
[WhiteElo "2155"]
[BlackElo "1985"]
[Annotator "NA"]
[PlyCount "66"]
[EventDate "2019.07.19"]
[EventType "swiss"]
[EventCountry "DEN"]
[SourceTitle "playchess.com"]
[Source "ChessBase"]
[SourceQuality "1"]

1. d4 Nf6 2. c4 c5 3. d5 b5 4. cxb5 a6 5. bxa6 Bxa6 6. Nc3 g6 7. g3 d6 8. Bg2 Bg7 9. Nf3 O-O 10. O-O Nbd7 11. Rb1 Qc7 12. Re1 Rfb8 13. b3 Ng4 14. Bb2 Qa7 15. h3 Nge5 16. Nd2 c4 17. Ba1 cxb3 18. Nxb3 Bc4 19. Qd2 Bxb3 20. axb3 Nc5 21. b4 Nc4 22. Qd1 Na3 23. Rc1 Rxb4 24. Na2 Rbb8 25. Bxg7 Kxg7 26. Qd4+ Kg8 27. Nb4 Qa4 28. Nc6 Qxd4 29. Nxd4 Rb2 30. Nc6 Kf8 31. Rc3 h5 32. h4 Nc2 33. Rd1 Nb4 1/2-1/2

[Event "Xtracon Open 2019"]
[Site "Helsingor"]
[Date "2019.07.25"]
[Round "7.7"]
[White "Thybo, Thomas Sondergaard"]
[Black "Nielsen, Viktor Haarmark"]
[Result "0-1"]
[WhiteElo "2104"]
[BlackElo "2254"]
[Annotator "NA"]
[PlyCount "74"]
[EventDate "2019.07.19"]
[EventType "swiss"]
[EventCountry "DEN"]
[SourceTitle "playchess.com"]
[Source "ChessBase"]
[SourceQuality "1"]

1. e4 c5 2. Nf3 e6 3. d4 cxd4 4. Nxd4 Nc6 5. Nc3 Qc7 6. Bg5 a6 7. Qd2 Nf6 8. Be2 Bb4 9. Bf3 Ne5 10. O-O Bxc3 11. Qxc3 Qxc3 12. bxc3 d6 13. Rab1 Ke7 14. Bc1 Rb8 15. Rd1 Bd7 16. Rb6 Nc4 17. Rb4 b5 18. a4 a5 19. Rxb5 Bxb5 20. axb5 Rhc8 21. Nc6+ Rxc6 22. bxc6 Rc8 23. Be2 Rxc6 24. f3 Nd7 25. Bxc4 Rxc4 26. Ba3 Nc5 27. Bxc5 dxc5 28. Ra1 Rxc3 29. Ra2 Kd6 30. Kf2 Kc6 31. Ke2 Kb5 32. Kd2 Rc4 33. c3 Ra4 34. Rb2+ Kc4 35. h3 Ra3 36. h4 a4 37. Rc2 Rb3 0-1

[Event "Xtracon Open 2019"]
[Site "Helsingor"]
[Date "2019.07.25"]
[Round "7.7"]
[White "Jannik, Morten Emil"]
[Black "Rasmussen, Henning"]
[Result "0-1"]
[WhiteElo "1561"]
[BlackElo "2156"]
[Annotator "NA"]
[PlyCount "83"]
[EventDate "2019.07.19"]
[EventType "swiss"]
[EventCountry "DEN"]
[SourceTitle "playchess.com"]
[Source "ChessBase"]
[SourceQuality "1"]

1. e4 e6 2. d4 d5 3. e5 c5 4. c3 Nc6 5. Nf3 Qb6 6. Bd3 cxd4 7. cxd4 Bd7 8. O-O Nxd4 9. Nxd4 Qxd4 10. Nc3 a6 11. Re1 Qa7 12. a4 Bc5 13. Qe2 Ne7 14. Bf4 Nc6 15. Qf3 Nb4 16. Bg3 Nxd3 17. Qxd3 O-O 18. Qd2 Bc6 19. Rec1 Bb4 20. Qf4 a5 21. Ne2 Rac8 22. Nd4 Bd7 23. Nc2 Be7 24. Ne1 Rxc1 25. Qxc1 Rc8 26. Qd1 b6 27. Nd3 Rc7 28. b3 Bc8 29. Rc1 Ba6 30. Rxc7 Qxc7 31. Qc1 Qxc1+ 32. Nxc1 Bc5 33. Bf4 Kf8 34. Na2 Ke8 35. Nc3 Kd7 36. Nb1 Kc6 37. Nd2 b5 38. axb5+ Kxb5 39. g3 Kb4 40. Kg2 h6 41. Kf3 g5 42. Be3 0-1

[Event "Xtracon Open 2019"]
[Site "Helsingor"]
[Date "2019.07.25"]
[Round "7.8"]
[White "Cramling, Pia"]
[Black "Svane, Frederik"]
[Result "1-0"]
[WhiteElo "2479"]
[BlackElo "2334"]
[Annotator "TA"]
[PlyCount "87"]
[EventDate "2019.07.19"]
[EventType "swiss"]
[EventCountry "DEN"]
[SourceTitle "playchess.com"]
[Source "ChessBase"]
[SourceQuality "1"]

1. c4 e6 2. Nc3 d5 3. d4 Nf6 4. Bg5 Be7 5. e3 O-O 6. Nf3 Nbd7 7. Rc1 c6 8. Bd3 b6 9. cxd5 cxd5 10. Bf4 Nh5 11. Be5 Bb7 12. Nb5 Nxe5 13. dxe5 a6 14. Nbd4 Rc8 15. g4 Rxc1 16. Qxc1 Nf6 17. exf6 Bxf6 18. g5 Bxg5 19. Qb1 g6 20. Rg1 Bf6 21. Bxg6 hxg6 22. Nxe6 Qe7 23. Nxf8 Qb4+ 24. Ke2 Kxf8 25. b3 d4 26. Nxd4 Bxd4 27. exd4 Qxd4 28. Rg3 a5 29. Qd3 Qb2+ 30. Ke1 Qe5+ 31. Re3 Qxh2 32. Qd8+ Kg7 33. Qd4+ Kf8 34. Qd8+ Kg7 35. Qd4+ Kf8 36. Qxb6 Qg1+ 37. Ke2 Qg4+ 38. Kd2 Bf3 39. Qb8+ Kg7 40. Qe5+ Kh7 41. Qc3 Qf4 42. Ke1 Bg4 43. Re8 g5 44. Qc4 1-0

[Event "Xtracon Open 2019"]
[Site "Helsingor"]
[Date "2019.07.25"]
[Round "7.8"]
[White "Korley, Kassa"]
[Black "Andersen, Mads"]
[Result "0-1"]
[WhiteElo "2437"]
[BlackElo "2605"]
[Annotator "RC"]
[PlyCount "130"]
[EventDate "2019.07.19"]
[EventType "swiss"]
[EventCountry "DEN"]
[SourceTitle "playchess.com"]
[Source "ChessBase"]
[SourceQuality "1"]

1. d4 Nf6 2. c4 g6 3. Nc3 d5 4. Bg5 Bg7 5. Nf3 Ne4 6. Bf4 Nxc3 7. bxc3 c5 8. e3 O-O 9. cxd5 cxd4 10. cxd4 Qxd5 11. Be2 Nc6 12. O-O Bf5 13. Qa4 Qa5 14. Qxa5 Nxa5 15. Rac1 Rac8 16. Nd2 Nc6 17. g4 Be6 18. a3 Bd5 19. Bf3 Bxf3 20. Nxf3 Rfd8 21. Kg2 e6 22. Rc2 Bf8 23. Bg5 Re8 24. Rb1 b6 25. Rb3 h6 26. Bf4 g5 27. Bg3 Ne7 28. Rcb2 Nd5 29. h4 Be7 30. hxg5 hxg5 31. Ne5 f6 32. Nd3 Red8 33. Nb4 Rc4 34. Kf3 Kf7 35. Ke2 Rdc8 36. Nxd5 exd5 37. Kd3 Ke6 38. f3 Ra4 39. Be1 Rc1 40. Bb4 Bxb4 41. axb4 Raa1 42. Rc2 Rxc2 43. Kxc2 Rf1 44. Ra3 Rxf3 45. Kd3 Rf1 46. Rxa7 Rb1 47. Rc7 Rb3+ 48. Ke2 Rxb4 49. Rc6+ Ke7 50. Kf3 Rb1 51. Rc7+ Kd6 52. Rf7 Ke6 53. Rb7 b5 54. Rb6+ Ke7 55. Ke2 b4 56. Kd3 b3 57. Rb7+ Ke6 58. Rb6+ Ke7 59. Rb7+ Ke6 60. Rb6+ Kf7 61. Rb7+ Kg6 62. Re7 b2 63. Kc2 Rg1 64. Kxb2 Rxg4 65. Kc2 Re4 0-1

[Event "Xtracon Open 2019"]
[Site "Helsingor"]
[Date "2019.07.25"]
[Round "7.8"]
[White "Gong, Patrick"]
[Black "Bronnum, Jan"]
[Result "1-0"]
[WhiteElo "2336"]
[BlackElo "2046"]
[Annotator "NA"]
[PlyCount "35"]
[EventDate "2019.07.19"]
[EventType "swiss"]
[EventCountry "DEN"]
[SourceTitle "playchess.com"]
[Source "ChessBase"]
[SourceQuality "1"]

1. e4 d5 2. exd5 Qxd5 3. Nc3 Qa5 4. d4 c6 5. Nf3 Bf5 6. Ne5 Be6 7. Bf4 Nf6 8. Qd2 Nbd7 9. b4 Qd8 10. Rd1 Nd5 11. Nxd5 cxd5 12. c4 Nxe5 13. Bxe5 dxc4 14. d5 Bd7 15. Bxc4 Rc8 16. Be2 Ba4 17. O-O Rc2 18. Qxc2 1-0

[Event "Xtracon Open 2019"]
[Site "Helsingor"]
[Date "2019.07.25"]
[Round "7.8"]
[White "Hinrichs, Lars"]
[Black "Lilja, Richard"]
[Result "1-0"]
[WhiteElo "2234"]
[BlackElo "2126"]
[Annotator "NA"]
[PlyCount "87"]
[EventDate "2019.07.19"]
[EventType "swiss"]
[EventCountry "DEN"]
[SourceTitle "playchess.com"]
[Source "ChessBase"]
[SourceQuality "1"]

1. d4 g6 2. e4 Bg7 3. Nf3 d6 4. Bc4 a6 5. a4 b6 6. Qe2 Bb7 7. O-O e6 8. Re1 Nd7 9. Nbd2 Ne7 10. c3 O-O 11. Bb3 e5 12. Nf1 h6 13. Ng3 c5 14. dxe5 dxe5 15. h4 Qc7 16. h5 Kh7 17. Nh2 Nf6 18. f3 Bc8 19. Ng4 Nxh5 20. Nxh5 gxh5 21. Ne3 Bf6 22. Nd5 Nxd5 23. exd5 Bf5 24. Bc2 Bg6 25. c4 Rae8 26. a5 Bh4 27. Rd1 Bg3 28. Be3 e4 29. fxe4 Bxe4 30. d6 Bxd6 31. axb6 Bh2+ 32. Kh1 Qg3 33. Bxe4+ Rxe4 34. Qxh5 Rh4 35. Qf5+ Kg8 36. Bf2 Bg1+ 37. Kxg1 Qh2+ 38. Kf1 Qh1+ 39. Bg1 Rh5 40. Qf2 Rg5 41. Rd5 f6 42. Rxg5+ hxg5 43. Qxc5 g4 44. Qxf8+ 1-0

[Event "Xtracon Open 2019"]
[Site "Helsingor"]
[Date "2019.07.25"]
[Round "7.8"]
[White "Le Besq, Alexander"]
[Black "Andersson, Lars"]
[Result "1-0"]
[WhiteElo "2149"]
[BlackElo "1990"]
[Annotator "NA"]
[PlyCount "113"]
[EventDate "2019.07.19"]
[EventType "swiss"]
[EventCountry "DEN"]
[SourceTitle "playchess.com"]
[Source "ChessBase"]
[SourceQuality "1"]

1. e4 c6 2. d4 d5 3. Nd2 dxe4 4. Nxe4 Bf5 5. Ng3 Bg6 6. h4 h6 7. Nf3 Nd7 8. h5 Bh7 9. Bd3 Bxd3 10. Qxd3 e6 11. Bd2 Ngf6 12. O-O-O Be7 13. Ne4 Nxe4 14. Qxe4 Nf6 15. Qd3 Qb6 16. Ne5 c5 17. Qg3 cxd4 18. Qxg7 Rh7 19. Qg3 O-O-O 20. Qd3 Qc7 21. Ng4 Nxg4 22. Qxh7 Nxf2 23. Qxf7 Nxh1 24. Qxe6+ Kb8 25. Rxh1 d3 26. c3 Bg5 27. Re1 Bxd2+ 28. Kxd2 Qf4+ 29. Qe3 Qa4 30. Qe5+ Ka8 31. Rc1 Qxa2 32. c4 Qb3 33. Qb5 Qa2 34. Re1 a6 35. Qb4 Rg8 36. Kxd3 Rg3+ 37. Kd4 Rg4+ 38. Kd5 Rg5+ 39. Re5 Rxe5+ 40. Kxe5 Qb1 41. Qf8+ Ka7 42. Qf2+ Ka8 43. Qd2 Qh7 44. Qd8+ Ka7 45. Qd4+ Ka8 46. Qd8+ Ka7 47. Qd4+ Ka8 48. Kd6 Qg8 49. g4 Qd8+ 50. Ke5 Qg5+ 51. Ke6 Qg8+ 52. Ke7 Qg5+ 53. Kf7 Qc1 54. Kg6 Qg5+ 55. Kh7 Qc1 56. c5 Kb8 57. Qd6+ 1-0

[Event "Xtracon Open 2019"]
[Site "Helsingor"]
[Date "2019.07.25"]
[Round "7.9"]
[White "Postny, Evgeny"]
[Black "Keinanen, Toivo"]
[Result "1/2-1/2"]
[WhiteElo "2601"]
[BlackElo "2386"]
[Annotator "TA"]
[PlyCount "81"]
[EventDate "2019.07.19"]
[EventType "swiss"]
[EventCountry "DEN"]
[SourceTitle "playchess.com"]
[Source "ChessBase"]
[SourceQuality "1"]

1. e4 e6 2. d4 d5 3. Nd2 c5 4. Ngf3 cxd4 5. Nxd4 Nc6 6. Bb5 Bd7 7. Nxc6 Bxc6 8. Bxc6+ bxc6 9. c4 Nf6 10. Qa4 Qc7 11. exd5 exd5 12. O-O Be7 13. Nf3 O-O 14. Be3 c5 15. Rad1 Rfd8 16. Rfe1 h6 17. Bd2 a5 18. cxd5 Nxd5 19. Qe4 Ra6 20. Bxa5 Rxa5 21. Rxd5 Rxd5 22. Qxd5 c4 23. Qe4 Bf6 24. Nd2 c3 25. bxc3 Rxa2 26. Qd5 Ra5 27. Qd3 Ra8 28. Ne4 Be5 29. g3 Ra3 30. h4 g6 31. h5 g5 32. Re3 Kg7 33. Rf3 Qc6 34. Rf5 Qe6 35. Qf3 Ra2 36. Nc5 Qe7 37. Qd5 Ra1+ 38. Kg2 Bxc3 39. Qf3 Be5 40. Nd3 Bf6 41. Kh2 1/2-1/2

[Event "Xtracon Open 2019"]
[Site "Helsingor"]
[Date "2019.07.25"]
[Round "7.9"]
[White "Heimisson, Hilmir Freyr"]
[Black "Holm, Kristian Stuvik"]
[Result "1/2-1/2"]
[WhiteElo "2279"]
[BlackElo "2469"]
[Annotator "ChessBase"]
[PlyCount "78"]
[EventDate "2019.07.19"]
[EventType "swiss"]
[EventCountry "DEN"]
[SourceTitle "playchess.com"]
[Source "ChessBase"]
[SourceQuality "1"]

1. c4 e6 2. Nc3 Bb4 3. Nf3 Bxc3 4. bxc3 d6 5. d3 Nc6 6. g3 e5 7. Bg2 f5 8. O-O Nf6 9. Ne1 O-O 10. Nc2 Qe8 11. Nb4 Bd7 12. Nd5 Nxd5 13. cxd5 Ne7 14. Rb1 b6 15. d4 Ng6 16. dxe5 Qxe5 17. e3 Qe7 18. Qd4 Ne5 19. c4 Rae8 20. Bb2 Kh8 21. Rbe1 b5 22. Ba1 Nxc4 23. Rc1 a6 24. Rfd1 Rc8 25. Bf1 Nb6 26. Rc2 Na4 27. Rdc1 Nc5 28. Qb4 c6 29. Bd4 cxd5 30. Bxc5 dxc5 31. Rxc5 Rxc5 32. Qxc5 Qxc5 33. Rxc5 Rc8 34. Rxd5 Rc7 35. Rd6 Ra7 36. Bh3 g5 37. f4 g4 38. Bg2 a5 39. e4 fxe4 1/2-1/2

[Event "Xtracon Open 2019"]
[Site "Helsingor"]
[Date "2019.07.25"]
[Round "7.9"]
[White "Saltvedt, Martin"]
[Black "Laustsen, Lars"]
[Result "1-0"]
[WhiteElo "1984"]
[BlackElo "2137"]
[Annotator "NA"]
[PlyCount "49"]
[EventDate "2019.07.19"]
[EventType "swiss"]
[EventCountry "DEN"]
[SourceTitle "playchess.com"]
[Source "ChessBase"]
[SourceQuality "1"]

1. d4 d5 2. c4 c6 3. Nf3 Nf6 4. Nc3 dxc4 5. a4 Bf5 6. e3 e6 7. Bxc4 Bb4 8. O-O Nbd7 9. Nh4 Bg4 10. Qb3 Qb6 11. h3 Bh5 12. Qc2 g5 13. Nf3 Bxf3 14. gxf3 O-O-O 15. Na2 Bd6 16. Bd2 Bb8 17. Kg2 h5 18. Rh1 g4 19. f4 Rdg8 20. b4 gxh3+ 21. Kf3 Qd8 22. b5 Qc7 23. Rac1 cxb5 24. Qd3 e5 25. Bd5 1-0

[Event "Xtracon Open 2019"]
[Site "Helsingor"]
[Date "2019.07.25"]
[Round "7.10"]
[White "Kollars, Dmitrij"]
[Black "Roseneck, Jonas"]
[Result "1/2-1/2"]
[WhiteElo "2581"]
[BlackElo "2398"]
[Annotator "ChessBase"]
[PlyCount "74"]
[EventDate "2019.07.19"]
[EventType "swiss"]
[EventCountry "DEN"]
[SourceTitle "playchess.com"]
[Source "ChessBase"]
[SourceQuality "1"]

1. e4 c5 2. Nf3 d6 3. d4 cxd4 4. Nxd4 Nf6 5. Nc3 a6 6. g3 e5 7. Nf3 Be7 8. Bg2 b5 9. O-O Bb7 10. Nh4 b4 11. Na4 g6 12. Re1 O-O 13. Bh6 Re8 14. b3 Nbd7 15. c4 Bc6 16. Nb2 Nc5 17. Nd3 Nxd3 18. Qxd3 Ng4 19. Bd2 Bxh4 20. gxh4 Qxh4 21. Qg3 Qxg3 22. hxg3 a5 23. a3 Reb8 24. axb4 axb4 25. Rxa8 Bxa8 26. f3 Nf6 27. Bh3 Bc6 28. Ra1 Bd7 29. Bf1 Be6 30. Ra4 Nd7 31. Rxb4 Rxb4 32. Bxb4 Nc5 33. Be2 Nxb3 34. Bxd6 Nd4 35. Bd1 Bxc4 36. Bxe5 Bb3 37. Bxd4 Bxd1 1/2-1/2

[Event "Xtracon Open 2019"]
[Site "Helsingor"]
[Date "2019.07.25"]
[Round "7.10"]
[White "Jepson, Christian"]
[Black "Olsson, Linus"]
[Result "1-0"]
[WhiteElo "2391"]
[BlackElo "2242"]
[Annotator "TA"]
[PlyCount "85"]
[EventDate "2019.07.19"]
[EventType "swiss"]
[EventCountry "DEN"]
[SourceTitle "playchess.com"]
[Source "ChessBase"]
[SourceQuality "1"]

1. d4 Nf6 2. c4 g6 3. Nc3 d5 4. cxd5 Nxd5 5. e4 Nxc3 6. bxc3 Bg7 7. Be3 c5 8. Qd2 Qa5 9. Rb1 cxd4 10. cxd4 Qxd2+ 11. Kxd2 O-O 12. Nf3 e6 13. Bb5 b6 14. Rhc1 Bb7 15. e5 Na6 16. a4 Rfc8 17. Bd7 Rc7 18. Rxc7 Nxc7 19. Rc1 Nd5 20. h4 a6 21. Bc6 Bxc6 22. Rxc6 b5 23. a5 Bf8 24. Kc1 Nxe3 25. fxe3 Bb4 26. Ng5 Bxa5 27. e4 Bd8 28. d5 Bxg5+ 29. hxg5 exd5 30. exd5 Kf8 31. d6 a5 32. Rc7 a4 33. Rb7 Ke8 34. Re7+ Kf8 35. Rb7 Ke8 36. Kb2 b4 37. Rxb4 Ra5 38. Rb8+ Kd7 39. Rb7+ Ke6 40. Re7+ Kf5 41. Ka3 Kxg5 42. d7 Rd5 43. Rxf7 1-0

[Event "Xtracon Open 2019"]
[Site "Helsingor"]
[Date "2019.07.25"]
[Round "7.10"]
[White "Nielsen, Andre"]
[Black "Nielsen, Jorgen Lovgren"]
[Result "1/2-1/2"]
[WhiteElo "2229"]
[BlackElo "2053"]
[Annotator "NA"]
[PlyCount "119"]
[EventDate "2019.07.19"]
[EventType "swiss"]
[EventCountry "DEN"]
[SourceTitle "playchess.com"]
[Source "ChessBase"]
[SourceQuality "1"]

1. e4 e5 2. Bc4 Nf6 3. Nc3 Nc6 4. d3 d6 5. f4 Bg4 6. Qd2 exf4 7. Qxf4 Qd7 8. Qf2 Be7 9. Nge2 O-O 10. O-O a6 11. d4 b5 12. Bd3 Nb4 13. Nf4 Nxd3 14. Nxd3 Rad8 15. Bg5 h6 16. Bxf6 Bxf6 17. h3 Bh5 18. Nd5 Bg5 19. N5f4 Bxf4 20. Nxf4 Bg6 21. Nxg6 fxg6 22. Qg3 Rxf1+ 23. Rxf1 Qe6 24. Qb3 Re8 25. Qxe6+ Rxe6 26. Re1 Rf6 27. Re3 b4 28. e5 dxe5 29. Rxe5 Rc6 30. Re2 Rc4 31. Rd2 Kf7 32. Kf2 Ke7 33. Ke3 Rc6 34. Kd3 Kd7 35. c4 bxc3 36. bxc3 Rf6 37. c4 Kc6 38. Re2 Kd7 39. d5 c6 40. Kd4 cxd5 41. cxd5 Rb6 42. Kc5 Rb5+ 43. Kc4 g5 44. Kd4 a5 45. Ke5 a4 46. Rf2 Ke7 47. a3 Rb3 48. Rf3 Rb2 49. g4 Rb3 50. Ke4 Rb1 51. Rc3 Rb7 52. Ke5 Rb3 53. Rc7+ Ke8 54. Rxg7 Rxa3 55. Ra7 Rxh3 56. Rxa4 Rf3 57. Ke6 Re3+ 58. Kf6 Rf3+ 59. Kg6 Rf4 60. Ra8+ 1/2-1/2

[Event "Xtracon Open 2019"]
[Site "Helsingor"]
[Date "2019.07.25"]
[Round "7.10"]
[White "Rishovd, Svein"]
[Black "Nilsson, Patrik"]
[Result "1-0"]
[WhiteElo "2124"]
[BlackElo "2223"]
[Annotator "NA"]
[PlyCount "105"]
[EventDate "2019.07.19"]
[EventType "swiss"]
[EventCountry "DEN"]
[SourceTitle "playchess.com"]
[Source "ChessBase"]
[SourceQuality "1"]

1. e4 e5 2. Nf3 Nc6 3. d4 exd4 4. Nxd4 Nf6 5. Nxc6 bxc6 6. e5 Qe7 7. Qe2 Nd5 8. c4 Ba6 9. b3 g6 10. Ba3 Nb4 11. Bb2 Bg7 12. a3 Nd5 13. Nd2 O-O 14. O-O-O Nb6 15. Nf3 Rfe8 16. Qc2 Rad8 17. Bd3 d5 18. exd6 Bxb2+ 19. Kxb2 cxd6 20. Rhe1 Qf6+ 21. Qc3 Kg7 22. Ng5 Qxc3+ 23. Kxc3 Bb7 24. Rxe8 Rxe8 25. Ne4 Rd8 26. Bc2 d5 27. Nc5 Bc8 28. f3 Re8 29. Bd3 h5 30. a4 a5 31. Rd2 Be6 32. Re2 Kf6 33. Kd4 Re7 34. f4 dxc4 35. bxc4 Re8 36. Rb2 Rd8+ 37. Kc3 Nd7 38. Nb7 Ra8 39. Be4 Ra6 40. Kd4 Nb6 41. Nc5 Nxc4 42. Rc2 Rb6 43. Nxe6 Nd6 44. Nc5 Rb4+ 45. Kd3 Nxe4 46. Nxe4+ Ke7 47. Rc4 Rb2 48. Nd2 Kd7 49. Kc3 Rb8 50. Nb3 Re8 51. Kd3 Re1 52. Nxa5 h4 53. Nxc6 1-0

[Event "Xtracon Open 2019"]
[Site "Helsingor"]
[Date "2019.07.25"]
[Round "7.11"]
[White "Rostgaard, Tobias Valentin"]
[Black "Weber, Samuel"]
[Result "0-1"]
[WhiteElo "2390"]
[BlackElo "2203"]
[Annotator "TA"]
[PlyCount "137"]
[EventDate "2019.07.19"]
[EventType "swiss"]
[EventCountry "DEN"]
[SourceTitle "playchess.com"]
[Source "ChessBase"]
[SourceQuality "1"]

1. c4 Nf6 2. Nc3 e5 3. e3 d6 4. Nge2 g6 5. g3 Bg7 6. Bg2 O-O 7. O-O Re8 8. d3 c6 9. e4 a6 10. h3 b5 11. b3 b4 12. Na4 c5 13. Be3 Nc6 14. Kh2 Nd7 15. Rb1 Bb7 16. h4 h5 17. Bh3 Nf6 18. Bg5 Bc8 19. Bxc8 Rxc8 20. f3 Rb8 21. Rg1 Qd7 22. Qd2 Kh7 23. Rg2 Nd8 24. Be3 Ne6 25. Rf1 Rf8 26. Qd1 Ng8 27. g4 Nf6 28. g5 Ng8 29. Kg1 Ne7 30. Qe1 Nc6 31. Qg3 Qe7 32. Qh3 Rb7 33. Kh1 Rbb8 34. Rfg1 Ncd4 35. Bxd4 cxd4 36. Rf1 f5 37. gxf6 Rxf6 38. f4 Nxf4 39. Nxf4 Rxf4 40. Rxf4 exf4 41. Rf2 Be5 42. Kg2 Kh6 43. Kf3 Rg8 44. Rg2 g5 45. hxg5+ Rxg5 46. Nb6 Rg3+ 47. Rxg3 fxg3 48. Qf5 Qg5 49. Qf8+ Qg7 50. Qxg7+ Kxg7 51. Nd5 Kh6 52. Kg2 a5 53. Ne7 Kg5 54. Nf5 Kg4 55. Nh6+ Kf4 56. Nf5 h4 57. Nxh4 Ke3 58. Ng6 Bf6 59. Kxg3 Kxd3 60. e5 dxe5 61. c5 e4 62. c6 Bd8 63. Nf4+ Kc2 64. Nd5 d3 65. Kf4 d2 66. Kxe4 d1=Q 67. Ne3+ Kc1 68. Nxd1 Kxd1 69. Kd4 0-1